书目信息 |
| 题名: |
石油与世界霸权
|
|
| 作者: | 奥德尔 著 ;厦门大学南洋研究所编译组 译 | |
| 分册: | ||
| 出版信息: | 北京 三联书店 1978 |
|
| 页数: | 248页 | |
| 开本: | 19cm | |
| 丛书名: | ||
| 单 册: | ||
| 中图分类: | F41 | |
| 科图分类: | ||
| 主题词: | 石油问题--世界 , 工业经济--世界 | |
| 电子资源: | ||
| ISBN: | ||
| 000 | 00786nam0 2200253 45 | |
| 001 | 0178001641 | |
| 005 | 20051129143330.03 | |
| 010 | @dCNY0.66 | |
| 091 | @a4002.271 | |
| 100 | @a19950714d1978 em y0chiy0121 ea | |
| 101 | 0 | @achi |
| 102 | @aCN@b110000 | |
| 105 | @ay z 000yy | |
| 200 | 10 | @a石油与世界霸权@Ashi you yu shi jie ba quanu@e石油危机的背景@f(英)彼得·R·奥德尔著@F(ying)bi de·R·ao de er zhu@g厦门大学南洋研究所编译组等译 |
| 210 | @a北京@c三联书店@d1978 | |
| 215 | @a248页@d19cm | |
| 300 | @a内部发行 | |
| 606 | @a石油问题@y世界 | |
| 606 | 0 | @a工业经济@x世界 |
| 690 | @aF41 | |
| 701 | 0 | @a奥德尔@Aao de er@4著 |
| 712 | 02 | @a厦门大学南洋研究所编译组@Axia men da xue nan yang yan jiu suo bian yi zu@4译 |
| 801 | 0 | @aCN@bNLC@c20051129 |
| 905 | @f1@b11075@dF41@e1 | |
| 石油与世界霸权:石油危机的背景/(英)彼得·R·奥德尔著/厦门大学南洋研究所编译组等译.-北京:三联书店,1978 |
| 248页;19cm |
| 内部发行 |
| ISBN :CNY0.66 |
| ● |
| 相关链接 |
|
|
|
|
正题名:石油与世界霸权
索取号:F41/1
 
预约/预借
| 序号 | 登录号 | 条形码 | 馆藏地/架位号 | 状态 | 备注 |
| 1 | 0011074 | 202157806 | 密集书库/ [索取号:F41/1] | 在馆 | |
| 2 | 0011075 | 000208233 | 第一借阅区/ [索取号:F41/1] | 在馆 |